| 000 | 00640nam a2200241Ia 4500 | ||
|---|---|---|---|
| 003 | OSt | ||
| 005 | 20220918221301.0 | ||
| 006 | a|||||r|||| 00| 0 | ||
| 007 | ta | ||
| 008 | 220917b |||||||| |||| 00| 0 eng d | ||
| 024 | _a149,155 | ||
| 037 | _cTextual | ||
| 040 |
_aARTS _cARTS _beng |
||
| 041 |
_2eng _aeng |
||
| 082 | _aWxJ88w, N9 | ||
| 100 |
_aMartinich A. P. _945102 |
||
| 245 | 0 |
_aHobbes _b a biography |
|
| 260 |
_aCambridge _bCambridge university press _c1999 |
||
| 300 |
_axvi 390p. _ccm. |
||
| 650 | _aPOLITICAL SCIENCE | ||
| 942 |
_hWxJ88w, N9 _cTEXL _2CC |
||
| 999 |
_c271827 _d271827 |
||